000 00331nam a2200133Ia 4500
008 240624s9999 xx 000 0 und d
041 _aeng
082 _a823 COE
100 _aCOELHO PAULO
245 _aWINNER STANDS ALONE
260 _c2008
_aLondon
_bHarperCollins Publishers
300 _a373 : p. : cm. ; 19
365 _cRS
_b20
999 _c14347
_d14347